Statistiken für Finnische Dinge - Bildquiz

Klicken Sie hier um das Quiz zu spielen!

Allgemein

  • Dieses Quiz wurde 172 mal gespielt
    (114 seit der letzten Aktualisierung)
  • Das Durchschnittsergebnis liegt bei 10 aus 18

Antwortstatistiken

Antwort% Korrekt
Sauna
99%
Helsinki
95%
Weihnachtsmann
93%
Nokia
86%
Nordlicht
84%
Lappland
76%
Angry Birds
69%
Kimi Räikkönen
52%
Molotowcocktail
46%
Turku
45%
Linux
36%
Mumin
36%
Luftgitarren-Weltmeisterschaft / Air Guitar World Championship
34%
Jean Sibelius
31%
Ehefrauentragen
30%
Alvar Aalto
21%
Aki Kaurismäki
17%
Eero Saarinen
8%

Verteilung der Resultate

Perzentil nach korrekt beantworteten Fragen

Anzahl Personen mit jedem Resultat

Ihre Resultats-Entwicklung

Sie haben dieses Quiz seit der letzten Aktualisierung nicht gespielt